Objektívny a nestranný Slávnostné plénum Ústavného súdu SR hodnotilo sedem rokov pôsobenia

Bibliographic Details
Main Author: Macko, Boris (Author)
Corporate Author: Slovensko. Ústavný súd (Author)
Format: Article
Language:Slovak
PhysicalDescription:1 obr.
Subjects:

MARC

LEADER 00000nab a2200000 a 4500
001 vtls000902328
003 SK-MaSNL
005 20260302180031.0
008 190318e19991122xo 0 slo
035 |a KE11304 
040 |a KEVKJB  |b slo  |c KEVKJB  |e AACR2 
041 0 |a slo 
044 |a xo  |c SK 
080 |a 347.991  |2 1981 
100 1 |a Macko, Boris  |4 aut  |9 857682 
245 1 0 |a Objektívny a nestranný  |b Slávnostné plénum Ústavného súdu SR hodnotilo sedem rokov pôsobenia 
300 |b 1 obr. 
610 1 7 |a Slovensko.  |b Ústavný súd  |2 KEVKJB  |9 17010 
650 0 7 |a pléna slávnostné  |2 KEVKJB  |9 888443 
650 0 7 |a činnosť  |2 KEVKJB  |9 282874 
650 0 7 |a informácie  |2 KEVKJB  |9 1285 
651 7 |a Košice (Slovensko)  |2 KEVKJB  |9 18694 
651 7 |a KE,  |2 KEVKJB  |9 877256 
655 7 |a periodikum  |2 snkbucl  |9 29553 
710 2 |a Slovensko.  |b Ústavný súd  |4 aut  |9 17010 
773 0 8 |t Košický večer  |g Roč. 10  |g Roč. 31, č.224, 22.11.1999, s. 1,3 
852 |a ZVYKNI  |b KIS3GCP 
999 |c 1409197  |d 1411127